000 00777nam a2200205 a 4500
005 20220902123700.0
008 991125s1985 mx 000 0 spa u
020 _a9688052116
035 _aUPN01000027543
049 _aCG
050 4 _aF1232 H5
_bC3.4
100 1 _aCastillo Ledón, Luis,
_d1880-1944
_938096
245 1 0 _aHidalgo :
_bla vida del héroe /
_cLuis Castillo Ledón.
260 _aMéxico :
_bINEHRM,
_c1985.
300 _a2 v. :
_bil.
500 _a"Edición facsimilar, 1era ed. en 1948 por los Talleres Gráficos de la Nación"
500 _a"Comisión Nacional para las Celebraciones del 175 Aniversario de la Independencia Nacional y 75 Aniversario de la Revolución Mexicana"
600 1 2 _aHidalgo y Costilla, Miguel,
_d1753-1811
_916388
905 _aLibro
999 _c27543
_d27543